• 首页
  • 本馆介绍
  • 公告通知
  • 最新文献
  • 馆藏检索
  • 电子资源
  • 读者导购
  • 参考咨询
  • 我的图书馆
  • 登录
  • 详细信息显示
  • 放入我的书架
  • 预约/预借图书
  • 作者相关作品
  • 分类相关作品
  • 丛书相关作品
  • 出版社相关作品

书目信息

  • 表格格式
  • 工作单格式
  • 卡片格式
题名:
政治工作通讯
    
 
作者: ;解放军总政治部办公厅 编
分册:  
出版信息: 北京   中国民主法制出版社  1991.6
页数: 350页
开本: 20cm
丛书名:
单 册:
中图分类: E22
科图分类: 36.23
主题词: 军队政治工作-中国人民解放军--1990--文集
电子资源:
ISBN: 7-80078-048-1
000 01081nam0 2200265 45
001 0192011818
005 20070721090749.45
010    @a7-80078-048-1@dCNY5.20
020    @aCN@b92011818
100    @a19921118d1991 em y0chiy0121 ea
101 0  @achi
102    @aCN@b110000
105    @ay z 000yy
200 10 @a政治工作通讯@Azheng zhi gong zuo tong xun@e一九九0年文选@Eyi jiu jiu nian wen xuan@f中国人民解放军总政治部办公厅编@Fzhong guo ren min jie fang jun zong zheng zhi bu ban gong ting bian
210    @a北京@c中国民主法制出版社@d1991.6
215    @a350页@d20cm
330    @a本书选入了中国人民解放军军委、总政首长对加强和改进政治工作的重要讲话,学习、宣传和贯彻全军政工会《纪要》,党委、党支部建设等文章。
540 1  @a政治 工作 通讯@Azheng zhi gong zuo tong xun
601 02 @a中国人民解放军-军队政治工作@z1990@x文集
606    @a军队政治工作-中国人民解放军@z1990@x文集
690    @aE22
692    @a36.23
711 02 @a解放军总政治部办公厅@Ajie fang jun zong zheng zhi bu ban gong ting@4编
801  0 @aCN@bTSSF@c20070721
905    @a10447@dE22@e4
    
    政治工作通讯:一九九0年文选/中国人民解放军总政治部办公厅编.-北京:中国民主法制出版社,1991.6
    350页;20cm
    
    
    ISBN 7-80078-048-1:CNY5.20
    本书选入了中国人民解放军军委、总政首长对加强和改进政治工作的重要讲话,学习、宣传和贯彻全军政工会《纪要》,党委、党支部建设等文章。
●
相关链接 在E读中查询图书 在五车中查询图书 在当当中查询图书 在豆瓣中查询图书


正题名:政治工作通讯     索取号:E22/4         预约/预借

序号 登录号 条形码 馆藏地/架位号 状态 备注
1 0768346   207683461   第一样本阅览室/ [索取号:E22/4] 在馆    
唐山师范学院图书馆 欢迎您!
大连网信软件有限公司© 版权所有